| 000 | 01469nam a2200373 i 4500 | ||
|---|---|---|---|
| 001 | 000039061 | ||
| 003 | DO-SdBNP | ||
| 005 | 20260511140503.0 | ||
| 007 | ta | ||
| 008 | 090706s1988 dr r 000 0 spa d | ||
| 040 |
_aDO-SdBNP _bspa _cBNPHU _erda |
||
| 041 | _aspa | ||
| 082 | 4 |
_a320.98 _bS211e 1988 _222 |
|
| 100 | 1 |
_aSánchez Hernández, Antonio _eautor _4aut. _99746 |
|
| 245 | 1 | 0 |
_aEnsayos socioeconómicos / _bAntonio Sánchez Hernández. |
| 250 | _aSegunda edición | ||
| 264 | 4 |
_aSanto Domingo, República Dominicana : _bEditora Universitaria-UASD, _c©1988. |
|
| 300 |
_a306 páginas ; _c20 cm. |
||
| 336 |
_atexto _btxt _2rdacontent |
||
| 337 |
_asin mediación _bn _2rdamedia |
||
| 338 |
_avolumen _bnc _2rdacarrier |
||
| 490 | 1 |
_aPublicaciones de la Universidad Autónoma de Santo Domingo _v362 |
|
| 490 | 1 |
_aEconomía y sociedad _v2 |
|
| 500 | _aIncluye datos biográficos del autor en la contracubierta | ||
| 504 | _aIncluye referencias bibliográficas y notas al pie de las páginas | ||
| 590 | _aInventariado, 2022/BT | ||
| 651 | 4 |
_aAmérica Latina _xPolítica y gobierno _92618 |
|
| 651 | 0 |
_aRepública Dominicana _xPolítica y gobierno _945 |
|
| 651 | 4 |
_aRepública Dominicana _xCondiciones económicas _y1930-1961 _99747 |
|
| 710 | 1 |
_aUniversidad Autónoma de Santo Domingo _972951 |
|
| 830 | 0 |
_aPublicaciones de la Universidad Autónoma de Santo Domingo _n362 _965293 |
|
| 830 | 0 |
_aEconomía y sociedad _n2 _99749 |
|
| 942 |
_2ddc _cLBS1 |
||
| 999 |
_c38551 _d38551 |
||